[Event "Mistrzostwa Polski Juniorow do lat 18 - Dziewczeta"]
[Site "Ustron – Jaszowiec"]
[Date "1899-12-30"]
[Round "1.1"]
[White "Kubicka, Anna"]
[Black "Knapik, Julia"]
[Result "1-0"]
[WhiteTitle "m"]
[BlackTitle "I+"]
[WhiteElo "2211"]
[BlackElo "1658"]

1. e4 c5 2. Ne2 d6 3. g3 Nf6 4. Bg2 g6 5. c3 Nbd7 6. d4 cxd4 7. cxd4 e5 8. d5 Bg7
9. O-O O-O 10. Nbc3 a5 11. h3 Nc5 12. Be3 b6 13. a3 Ba6 14. b4 Bxe2 15. Qxe2 axb4
16. axb4 Ncd7 17. Nb5 Ne8 18. Na7 Qc7 19. Nc6 Nef6 20. Qb5 Kh8 21. Rfc1 Rfc8 22.
Na7 Rxa7 23. Rxa7 Qxa7 24. Rxc8+ Nf8 25. Qxb6 Qa1+ 26. Rc1 Qa3 27. Qxd6 Nh5 28.
Rc8 Kg8 29. Bc5 Qc1+ 30. Kh2 1-0

[Event "Mistrzostwa Polski Juniorow do lat 18 - Dziewczeta"]
[Site "Ustron – Jaszowiec"]
[Date "1899-12-30"]
[Round "1.2"]
[White "Godek, Martyna"]
[Black "Kiolbasa, Oliwia"]
[Result "0-1"]
[WhiteTitle "I"]
[BlackTitle "WIM"]
[WhiteElo "1654"]
[BlackElo "2204"]

1. e4 e5 2. Nf3 Nc6 3. Nc3 Nf6 4. Bb5 Bb4 5. Bxc6 bxc6 6. O-O d6 7. d3 h6 8. h3
O-O 9. a3 Bxc3 10. bxc3 c5 11. Re1 Bb7 12. c4 Nh7 13. Nh2 f5 14. exf5 Rxf5 15.
Qg4 Rf6 16. Re3 Nf8 17. Rg3 Rg6 18. Qh5 Rxg3 19. fxg3 e4 20. Ng4 Qe8 21. Qf5 exd3
22. Bxh6 Qe2 23. Qf2 Qxf2+ 24. Kxf2 gxh6 25. cxd3 Kg7 26. Re1 Ng6 27. h4 Rf8+
28. Kg1 h5 29. Ne3 Ne5 30. Rd1 Re8 31. Kf2 Bc8 32. Nd5 Bg4 33. Rd2 c6 34. Nf4
Rb8 35. Ke3 Rb3 36. Ke4 Kf6 37. Rf2 Bf5+ 38. Kxe5+ Kxe5 0-1

[Event "Mistrzostwa Polski Juniorow do lat 18 - Dziewczeta"]
[Site "Ustron – Jaszowiec"]
[Date "1899-12-30"]
[Round "1.3"]
[White "Dmochowska, Agnieszka"]
[Black "Hampel, Anna"]
[Result "1-0"]
[WhiteTitle "WCM"]
[BlackTitle "I+"]
[WhiteElo "2133"]
[BlackElo "1630"]

1. d4 d5 2. c4 e6 3. Nc3 Nf6 4. Bf4 Be7 5. Nf3 O-O 6. e3 a6 7. c5 c6 8. Bd3 Nbd7
9. h3 h6 10. O-O Nh5 11. Bh2 g6 12. Ne5 Nxe5 13. Bxe5 Bf6 14. Bd6 Re8 15. Na4
b5 16. Nb6 Ra7 17. a4 Rb7 18. axb5 axb5 19. Ra8 Rxb6 20. cxb6 Qxb6 21. Qc2 Ng7
22. Rfa1 Bd7 23. R8a7 Qd8 24. Rc7 Bc8 25. Qxc6 Nf5 26. Bxf5 exf5 27. Ra8 Bd7 28.
Rxd8 Bxc6 29. Rxe8+ Bxe8 30. Rc8 1-0

[Event "Mistrzostwa Polski Juniorow do lat 18 - Dziewczeta"]
[Site "Ustron – Jaszowiec"]
[Date "1899-12-30"]
[Round "1.4"]
[White "Jurkiewicz, Zuzanna"]
[Black "Antolak, Julia"]
[Result "1/2-1/2"]
[WhiteTitle "I+"]
[BlackTitle "WFM"]
[WhiteElo "1603"]
[BlackElo "2102"]

1. e4 c5 2. Nf3 Nc6 3. d4 cxd4 4. Nxd4 Qb6 5. Nb3 Nf6 6. Bd3 e6 7. Be3 Qc7 8. O-O
d6 9. Nc3 a6 10. a4 b6 11. f4 g6 12. f5 Bg7 13. Bg5 O-O 14. Qd2 Ne5 15. Bh6 Bb7
16. Bxg7 Kxg7 17. Rae1 Rae8 18. Kh1 d5 19. fxg6 fxg6 20. Nd4 Neg4 21. Nf3 d4 22.
Ne2 e5 23. Ng3 Bc8 24. h3 Ne3 25. Rf2 Nc4 26. Qc1 Nd6 27. b3 Qc5 28. Ref1 Bb7
29. Re2 b5 30. axb5 axb5 31. Qd2 h6 32. Rfe1 Rf7 33. Kh2 Nd7 34. Kh1 Ref8 35.
Kh2 Rf4 36. Kh1 h5 37. Kh2 h4 38. Nh1 b4 39. Nf2 Nf6 40. Ng5 Bc8 41. Ba6 Qc6 42.
Bxc8 Qxc8 43. Nd3 Ng4+ 44. hxg4 Qxg4 45. Nxf4 Rxf4 46. Nh3 Nxe4 47. Qxb4 Ng3 48.
Qe7+ Rf7 49. Qxe5+ Kh6 50. Qh8+ Rh7 51. Qf8+ Kh5 52. Nf4+ Kg5 53. Re5+ Nf5 54.
Nh3+ Kh5 55. Rf1 Qg3+ 56. Kg1 Qxe5 57. Nf4+ Kg5 58. Nh3+ Kh5 59. Nf4+ Kg5 1/2-1/2

[Event "Mistrzostwa Polski Juniorow do lat 18 - Dziewczeta"]
[Site "Ustron – Jaszowiec"]
[Date "1899-12-30"]
[Round "1.5"]
[White "Marczuk, Anna"]
[Black "Wierzbowska, Aleksandra"]
[Result "1-0"]
[WhiteTitle "k"]
[BlackTitle "I"]
[WhiteElo "2001"]
[BlackElo "1573"]

1. e4 c5 2. g3 Nc6 3. Bg2 e6 4. Ne2 Nf6 5. O-O Be7 6. c3 O-O 7. d4 d5 8. e5 Nd7
9. Be3 c4 10. Nd2 b5 11. a4 b4 12. Nxc4 Ba6 13. Nd2 bxc3 14. bxc3 Rc8 15. Nb3
Na5 16. Re1 Nc4 17. Nec1 Qc7 18. Ra2 Ndb6 19. Qg4 Nxe3 20. Rxe3 Bc4 21. a5 Nd7
22. Bf1 Bxf1 23. Kxf1 Qc4+ 24. Qe2 Bg5 25. f4 Bd8 26. Qxc4 Rxc4 27. Nd2 Rc6 28.
Ncb3 Bc7 29. Ra4 Ra6 30. c4 Rb8 31. cxd5 exd5 32. Rc3 Bd8 33. Ra1 Be7 34. Rc7
Rd8 35. Rb7 Kf8 36. Rc1 Ke8 37. Rcc7 Rh6 38. h4 a6 39. Nc5 Bxc5 40. dxc5 Rg6 41.
Kf2 Re6 42. Nf3 Nxc5 43. Rxc5 d4 44. Rb2 Rg6 45. Rd2 d3 46. Rc3 Rd5 47. Rcxd3
Rxa5 48. Rd8+ Ke7 49. R2d7+ Ke6 50. Nd4# 1-0

[Event "Mistrzostwa Polski Juniorow do lat 18 - Dziewczeta"]
[Site "Ustron – Jaszowiec"]
[Date "1899-12-30"]
[Round "1.6"]
[White "Tkaczyk, Weronika"]
[Black "Parol, Pola"]
[Result "0-1"]
[WhiteTitle "I"]
[BlackTitle "k+"]
[WhiteElo "1565"]
[BlackElo "1960"]

1. Nf3 Nf6 2. g3 c5 3. Bg2 Nc6 4. d4 cxd4 5. Nxd4 g6 6. Nc3 Bg7 7. O-O O-O 8. Re1
Qb6 9. Nb3 Ng4 10. e3 d6 11. Nd5 Qd8 12. h3 Nge5 13. Nd4 e6 14. Nxc6 bxc6 15.
Nb4 d5 16. Nd3 Nc4 17. c3 Rb8 18. Qc2 e5 19. b3 Nd6 20. Bb2 f5 21. c4 e4 22. Bxg7
Kxg7 23. Ne5 Qe8 24. Qc3 Kg8 25. cxd5 Nb5 26. Qb2 cxd5 27. Rac1 Rb6 28. a4 Nd6
29. Rc7 Rb7 30. Rec1 Nc4 31. R7xc4 dxc4 32. Nxc4 Qe7 33. Bf1 Be6 34. Na5 Rc7 35.
Rxc7 Qxc7 36. b4 Rb8 37. Qd4 Rd8 38. Qf6 Bf7 39. Nc6 Rd6 40. Ne7+ Kf8 41. Nxg6+
hxg6 42. Qh8+ Bg8 43. Qh6+ Qg7 44. Qf4 Qf6 45. Qh6+ Ke7 46. b5 g5 47. Qh5 f4 48.
exf4 gxf4 49. Qc5 fxg3 50. Qxa7+ Rd7 51. Qc5+ Kd8 52. fxg3 Qd4+ 53. Qxd4 Rxd4
54. a5 Rd2 55. a6 Kc7 56. Bg2 Bd5 57. h4 Kb6 58. h5 e3 59. Bxd5 Rxd5 60. g4 Rd1+
61. Kg2 e2 0-1

[Event "Mistrzostwa Polski Juniorow do lat 18 - Dziewczeta"]
[Site "Ustron – Jaszowiec"]
[Date "1899-12-30"]
[Round "1.7"]
[White "Cieslak, Wiktoria"]
[Black "Borkowska, Zuzanna"]
[Result "1/2-1/2"]
[WhiteTitle "k++"]
[BlackTitle "I"]
[WhiteElo "1957"]
[BlackElo "1547"]

1. e4 c5 2. Nf3 Nc6 3. d4 cxd4 4. Nxd4 g6 5. c4 Bg7 6. Nc2 Nf6 7. Nc3 O-O 8. Be2
d6 9. O-O Be6 10. Rb1 Rc8 11. b3 a6 12. f4 Nd7 13. Nd5 f5 14. Bf3 Nc5 15. exf5
Bxf5 16. Bg4 e6 17. Bxf5 gxf5 18. Nde3 Ne4 19. Bb2 Bxb2 20. Rxb2 Qh4 21. Ne1 Rf7
22. g3 Rg7 23. Rg2 Qf6 24. Nf3 Kf7 25. Nc2 Rcg8 26. Qd3 h5 27. Nd2 Nxd2 28. Qxd2
h4 29. Rf3 hxg3 30. hxg3 e5 31. Rd3 Rd8 32. Rd5 e4 33. Ne3 Ne7 34. Rd4 Rg6 35.
c5 Kf8 36. g4 d5 37. gxf5 Rxg2+ 38. Kxg2 Nxf5 39. Nxf5 Qxf5 40. Kf2 Ke7 41. Ke1
Ke6 42. Qh2 Rg8 43. Kd2 Qg4 44. f5+ Qxf5 45. Qd6+ Kf7 46. Rxd5 Qf2+ 47. Kc3 Qe1+
48. Kd4 Qb4+ 49. Ke5 Re8+ 50. Kf5 Qc3 51. Qg6+ 1/2-1/2

[Event "Mistrzostwa Polski Juniorow do lat 18 - Dziewczeta"]
[Site "Ustron – Jaszowiec"]
[Date "1899-12-30"]
[Round "1.8"]
[White "Daliga, Anita"]
[Black "Topolan, Agata"]
[Result "0-1"]
[WhiteTitle "I+"]
[BlackTitle "k+"]
[WhiteElo "1543"]
[BlackElo "1934"]

1. e4 c6 2. d4 d5 3. e5 Bf5 4. c4 e6 5. Nc3 Na6 6. a3 Qa5 7. Be3 dxc4 8. Bxc4 b5
9. Be2 Ne7 10. b4 Qd8 11. Nxb5 Nd5 12. Nd6+ Bxd6 13. Bxa6 Qb6 14. Bd3 Bxd3 15.
Qxd3 Bc7 16. Ne2 a5 17. O-O axb4 18. axb4 O-O 19. Rxa8 Rxa8 20. Rb1 Bd8 21. Qb3
Be7 22. Bd2 Rb8 23. g3 c5 24. b5 cxd4 25. Qd3 Bc5 26. Nf4 Nc7 27. Ne2 Ra8 28.
Bb4 Bxb4 29. Rxb4 Ra1+ 30. Kg2 Qb7+ 31. f3 Nd5 32. Qxd4 Ra2 33. Rb2 Rxb2 34. Qxb2
Ne3+ 35. Kh3 Qxf3 36. Qd4 Qg2+ 37. Kh4 Nf5+ 0-1

[Event "Mistrzostwa Polski Juniorow do lat 18 - Dziewczeta"]
[Site "Ustron – Jaszowiec"]
[Date "1899-12-30"]
[Round "1.9"]
[White "Dwilewicz, Katarzyna"]
[Black "Ziziuk, Martyna"]
[Result "1-0"]
[WhiteTitle "k"]
[BlackTitle "I"]
[WhiteElo "1933"]
[BlackElo "1529"]

1. e4 c5 2. Nf3 e6 3. d4 cxd4 4. Nxd4 a6 5. c4 Nc6 6. Nc3 Qc7 7. Be3 Nf6 8. a3
Be7 9. Be2 Ne5 10. Rc1 d6 11. f4 Ng6 12. O-O e5 13. fxe5 dxe5 14. Nf5 Bxf5 15.
exf5 Nf8 16. Qa4+ N8d7 17. Nd5 Nxd5 18. cxd5 Qd8 19. d6 Bxd6 20. Rfd1 Qe7 21.
f6 gxf6 22. Bg4 b5 23. Qe4 Rd8 24. Qc6 Bb8 25. Bc5 1-0

[Event "Mistrzostwa Polski Juniorow do lat 18 - Dziewczeta"]
[Site "Ustron – Jaszowiec"]
[Date "1899-12-30"]
[Round "1.10"]
[White "Kalinowska, Karolina"]
[Black "Karykowska, Anna"]
[Result "0-1"]
[WhiteTitle "I"]
[BlackTitle "I++"]
[WhiteElo "1525"]
[BlackElo "1830"]

1. e4 c5 2. Nf3 Nc6 3. d4 cxd4 4. Nxd4 Qb6 5. Nb3 Nf6 6. Nc3 e6 7. Bd3 Be7 8. O-O
a6 9. Qe2 d6 10. Bd2 O-O 11. Rae1 Ne5 12. Kh1 Nxd3 13. Qxd3 Qc7 14. f4 b5 15.
e5 Nd7 16. Qg3 Kh8 17. Nd4 dxe5 18. fxe5 Bb7 19. Bf4 Rad8 20. Ne4 Bxe4 21. Rxe4
Nc5 22. Nxe6 Nxe6 23. c3 Nxf4 24. Qxf4 h6 25. h3 Bg5 26. Qf3 Rd2 27. Re2 Rxe2
28. Qxe2 Re8 29. Qf3 Kg8 30. a3 a5 31. Qd5 Rxe5 32. Qa8+ Qd8 33. Qb7 Qe8 34. Qf3
Bf6 35. Qb7 Re1 36. Qf3 Qe2 37. Qxe2 Rxe2 38. b4 Bxc3 39. Rf5 axb4 40. axb4 Re5
41. Rf3 Bxb4 42. Kg1 Bc5+ 43. Kf1 b4 44. Rd3 Re3 45. Rd8+ Kh7 46. Rb8 b3 47. Rb7
f6 48. h4 Bd4 49. h5 b2 50. g4 Rc3 0-1

[Event "Mistrzostwa Polski Juniorow do lat 18 - Dziewczeta"]
[Site "Ustron – Jaszowiec"]
[Date "1899-12-30"]
[Round "1.11"]
[White "Pluta, Natalia"]
[Black "Trybowska, Barbara"]
[Result "0-1"]
[WhiteTitle "I++"]
[BlackTitle "I"]
[WhiteElo "1811"]
[BlackElo "1517"]

1. c4 e6 2. d4 d5 3. Nc3 Nf6 4. Nf3 Nbd7 5. Bg5 Bb4 6. e3 c6 7. Qc2 Qa5 8. Nd2
O-O 9. Be2 Ne4 10. Ndxe4 dxe4 11. Bh4 f5 12. O-O Nf6 13. Rac1 Bd6 14. c5 Bb8 15.
Qa4 Qd8 16. b4 Qe8 17. b5 Bd7 18. bxc6 Bxc6 19. Bb5 Bxb5 20. Qxb5 Qh5 21. g3 g5
22. Bxg5 Qxg5 23. Qxb7 Ng4 24. Qxa8 Qh6 25. h4 Bxg3 26. Qxf8+ Kxf8 27. fxg3 Qxe3+
28. Kg2 Qd2+ 0-1

[Event "Mistrzostwa Polski Juniorow do lat 18 - Dziewczeta"]
[Site "Ustron – Jaszowiec"]
[Date "1899-12-30"]
[Round "1.12"]
[White "Winter, Anna"]
[Black "Posuniak, Weronika"]
[Result "1/2-1/2"]
[WhiteTitle "I+"]
[BlackTitle "I++"]
[WhiteElo "1503"]
[BlackElo "1803"]

1. e4 c6 2. d4 d5 3. exd5 cxd5 4. Nf3 Nc6 5. c3 Nf6 6. Bd3 Bg4 7. h3 Bh5 8. O-O
e6 9. Re1 Qc7 10. Bg5 Bd6 11. Nbd2 Bf4 12. Bxf4 Qxf4 13. Qe2 O-O 14. Qe3 Qd6 15.
Ne5 Ne7 16. Ndf3 Nd7 17. Nxd7 Qxd7 18. Ne5 Qd6 19. Qg5 Bg6 20. Nxg6 Nxg6 21. Bxg6
fxg6 22. Qe5 Qxe5 23. Rxe5 Rf6 24. Rae1 Kf7 25. g4 Re8 26. Kg2 h6 27. h4 Re7 28.
Kg3 Re8 29. R1e3 Re7 30. Re2 Re8 31. R2e3 Re7 32. Re2 Re8 33. R2e3 Re7 34. Re2
Re8 35. R2e3 Re7 36. Re2 Re8 37. R2e3 Re7 38. Re2 Re8 39. R2e3 Re7 40. Re2 Re8
41. R2e3 1/2-1/2

[Event "Mistrzostwa Polski Juniorow do lat 18 - Dziewczeta"]
[Site "Ustron – Jaszowiec"]
[Date "1899-12-30"]
[Round "1.13"]
[White "Stebel, Agata"]
[Black "Stochnialek, Dominika"]
[Result "1-0"]
[WhiteTitle "k"]
[BlackTitle "I"]
[WhiteElo "1795"]
[BlackElo "1499"]

1. e4 c5 2. d3 d6 3. Nf3 Nc6 4. g3 g6 5. Bg2 Bg7 6. O-O e6 7. Nc3 Nge7 8. Be3 Nd4
9. Qd2 O-O 10. Bh6 e5 11. Bxg7 Kxg7 12. Nxd4 cxd4 13. Ne2 Be6 14. c3 dxc3 15.
bxc3 Qc7 16. f4 Rad8 17. f5 gxf5 18. Qg5+ Kh8 19. exf5 f6 20. Qh5 Bd5 21. Qh3
Qb6+ 22. Kh1 Qe3 23. Bxd5 Nxd5 24. Qg2 Qc5 25. Qe4 Nxc3 26. Nxc3 Qxc3 27. Rac1
Qb2 28. Qd5 Qb6 29. Rb1 Qc6 30. Qxc6 bxc6 31. Rb7 Kg8 32. Rxa7 Rf7 33. Ra6 Rc7
34. Rc1 Rdc8 35. Kg2 Kg7 36. Kf3 d5 37. Rc5 h5 38. a4 Kf7 39. Rb6 Ke7 40. Rc2
c5 41. Re6+ Kf7 42. Rd6 d4 43. Ke4 c4 44. dxc4 Rxc4 45. Rb2 R4c6 46. Rd7+ Ke8
47. Rbb7 Rd8 48. Rh7 1-0

[Event "Mistrzostwa Polski Juniorow do lat 18 - Dziewczeta"]
[Site "Ustron – Jaszowiec"]
[Date "1899-12-30"]
[Round "1.14"]
[White "Pedrak, Paulina"]
[Black "Kozubal, Aleksandra"]
[Result "1-0"]
[WhiteTitle "I"]
[BlackTitle "I++"]
[WhiteElo "1466"]
[BlackElo "1747"]

1. e4 c5 2. Nf3 e6 3. d4 cxd4 4. Nxd4 a6 5. Nc3 Qc7 6. Bd3 Bb4 7. Bd2 Nf6 8. O-O
Bd6 9. h3 b5 10. a3 Bb7 11. Kh1 O-O 12. Ndxb5 axb5 13. Nxb5 Qc6 14. Nxd6 Qxd6
15. Bb4 Qf4 16. Bxf8 Kxf8 17. Qe1 Nc6 18. b4 Ne5 19. Qc1 Qxc1 20. Rfxc1 Rc8 21.
f3 Nh5 22. Bb5 Nf4 23. c4 Ne2 24. Rd1 Ke7 25. Rd2 Nc3 26. a4 d6 27. Rc2 Nxb5 28.
axb5 Kd8 29. c5 dxc5 30. bxc5 Ke8 31. c6 Bxc6 32. bxc6 Rxc6 33. Ra8+ Ke7 34. Rb2
Kf6 35. Ra7 g5 36. Kh2 h6 37. Kg3 Rc3 38. Ra8 Kg6 39. Rb5 Nd3 40. Rg8+ Kf6 41.
h4 gxh4+ 42. Kxh4 Nf4 43. Kg4 Ng6 44. f4 e5 45. Rb6+ Ke7 46. f5 Nf4 47. f6+ Kd7
48. Kf5 Kc7 49. Rgb8 Rg3 50. R8b7+ Kc8 51. Kxe5 Ng6+ 52. Kd4 Rxg2 53. Rxf7 Rd2+
54. Ke3 Ra2 55. Rg7 Ne5 56. f7 Nc4+ 57. Kd4 Nxb6 58. f8=Q# 1-0

[Event "Mistrzostwa Polski Juniorow do lat 18 - Dziewczeta"]
[Site "Ustron – Jaszowiec"]
[Date "1899-12-30"]
[Round "1.15"]
[White "Murawko, Julia"]
[Black "Jakubowska, Urszula"]
[Result "1-0"]
[WhiteTitle "I++"]
[BlackTitle "I"]
[WhiteElo "1733"]
[BlackElo "1412"]

1. d4 f5 2. c4 g6 3. Nc3 Bg7 4. Nf3 b6 5. Bf4 d6 6. Qd2 Nf6 7. Bh6 O-O 8. Bxg7
Kxg7 9. g3 a6 10. Bg2 Bb7 11. d5 h6 12. Nd4 Bc8 13. O-O Qe8 14. Rae1 Ra7 15. e4
c5 16. dxc6 Nxc6 17. Nxc6 Qxc6 18. e5 Ne4 19. Nxe4 fxe4 20. Rxe4 Bh3 21. Qd4 Bxg2
22. Kxg2 dxe5 23. Qxe5+ Qf6 24. Rfe1 Qxe5 25. Rxe5 Rb7 26. Rxe7+ Rf7 27. Rxb7
Rxb7 28. Re6 a5 29. b3 h5 30. Rc6 g5 31. c5 b5 32. Rb6 1-0

[Event "Mistrzostwa Polski Juniorow do lat 18 - Dziewczeta"]
[Site "Ustron – Jaszowiec"]
[Date "1899-12-30"]
[Round "1.16"]
[White "Przepiora, Anna"]
[Black "Wojcik, Jagoda"]
[Result "0-1"]
[WhiteTitle "II+"]
[BlackTitle "I+"]
[WhiteElo "1354"]
[BlackElo "1719"]

1. e4 c5 2. Nf3 Nc6 3. d4 cxd4 4. Nxd4 g6 5. Nc3 Bg7 6. Be3 Nf6 7. Bc4 O-O 8. Bb3
d6 9. f3 Bd7 10. Qd2 Ne5 11. O-O-O Rc8 12. g4 Nc4 13. Bxc4 Rxc4 14. h4 h5 15.
gxh5 Nxh5 16. Rdg1 b5 17. f4 b4 18. Nd5 e6 19. Nxb4 a5 20. Na6 Qa8 21. b3 Rcc8
22. Qxa5 Qxe4 23. Qd2 Ra8 24. Nb4 Rfc8 25. a4 Rab8 26. Qd3 Qxd3 27. Nxd3 e5 28.
fxe5 dxe5 29. Nb5 Bxb5 30. axb5 Rxb5 31. Kd2 e4 32. Nf4 Bc3+ 33. Kd1 Nxf4 34.
Bxf4 Rd5+ 35. Kc1 Ra8 0-1

[Event "Mistrzostwa Polski Juniorow do lat 18 - Dziewczeta"]
[Site "Ustron – Jaszowiec"]
[Date "1899-12-30"]
[Round "1.17"]
[White "Ciesinska, Weronika"]
[Black "Walkowiak, Bogumila"]
[Result "1-0"]
[WhiteTitle "I"]
[BlackTitle "II+"]
[WhiteElo "1676"]
[BlackElo "1345"]

1. e4 e5 2. Nf3 Nc6 3. Bc4 Nf6 4. Ng5 d5 5. exd5 Na5 6. Bb5+ c6 7. dxc6 bxc6 8.
Qf3 Bb7 9. Bd3 c5 10. Ne4 c4 11. Nxf6+ Qxf6 12. Be4 Qxf3 13. gxf3 g6 14. b3 Rc8
15. Nc3 f5 16. Bxb7 Nxb7 17. Bb2 Bg7 18. h4 Kf7 19. h5 Ke6 20. O-O-O g5 21. Rde1
Rhe8 22. Ne2 Kf7 23. Ng3 Nd6 24. h6 Bf6 25. Nh5 Nb5 26. Nxf6 Kxf6 27. f4 gxf4
28. Rhg1 cxb3 29. axb3 Rc7 30. Rg7 Rxg7 31. hxg7 Kxg7 32. Rxe5 Rxe5 33. Bxe5+
Kf7 34. Bxf4 h5 35. c3 Ke6 36. Kc2 h4 37. Kd3 Nd6 38. Bxd6 Kxd6 39. Ke2 Kc5 40.
Kf3 a5 41. d4+ Kd5 42. Kg2 Ke4 43. Kh3 Kd3 44. d5 Kxc3 45. d6 Kxb3 46. d7 a4 47.
d8=Q a3 48. Qd5+ Kb2 49. Qxf5 1-0

[Event "Mistrzostwa Polski Juniorow do lat 18 - Dziewczeta"]
[Site "Ustron – Jaszowiec"]
[Date "1899-12-30"]
[Round "2.1"]
[White "Karykowska, Anna"]
[Black "Kubicka, Anna"]
[Result "1/2-1/2"]
[WhiteTitle "I++"]
[BlackTitle "m"]
[WhiteElo "1830"]
[BlackElo "2211"]

1. e4 c5 2. Nf3 d6 3. d4 Nf6 4. Nc3 cxd4 5. Nxd4 Nc6 6. g3 g6 7. Bg2 Bd7 8. O-O
Bg7 9. Nde2 O-O 10. h3 Rb8 11. a4 a6 12. Be3 b5 13. axb5 axb5 14. f4 Qc8 15. Kh2
b4 16. Nd5 Nxd5 17. exd5 Nd8 18. Ra2 Bb5 19. Re1 e5 20. dxe6 Qxe6 21. Nc1 Qf6
22. Nb3 Nc6 23. Nd2 Rfd8 24. Ne4 Qe6 25. b3 d5 26. Nc5 Qd6 27. Na6 Bxa6 28. Rxa6
Rbc8 29. Qd3 d4 30. Bd2 Qc5 31. Rxc6 Rxc6 32. Bxc6 Qxc6 33. Bxb4 Rc8 34. Re2 h5
35. Be1 Qc7 36. Bf2 Qc5 37. Rd2 Kf8 38. Kg1 h4 39. g4 Qd6 40. Bxh4 Qxf4 41. Rf2
Qd6 42. Qf3 Qd7 43. Bf6 Rc6 44. Be7+ Kxe7 45. Qxf7+ Kd8 46. Qg8+ Qe8 47. Qxg7
Qe1+ 48. Kg2 Qe4+ 49. Kg3 Qe3+ 50. Kg2 Qe4+ 51. Kg3 1/2-1/2

[Event "Mistrzostwa Polski Juniorow do lat 18 - Dziewczeta"]
[Site "Ustron – Jaszowiec"]
[Date "1899-12-30"]
[Round "2.2"]
[White "Kiolbasa, Oliwia"]
[Black "Stebel, Agata"]
[Result "1-0"]
[WhiteTitle "WIM"]
[BlackTitle "k"]
[WhiteElo "2204"]
[BlackElo "1795"]

1. e4 e5 2. Nf3 Nf6 3. Nxe5 d6 4. Nf3 Nxe4 5. c4 Be7 6. d4 d5 7. Bd3 Bb4+ 8. Nbd2
Nxd2 9. Bxd2 Qe7+ 10. Be2 Bxd2+ 11. Qxd2 dxc4 12. O-O O-O 13. Bxc4 Bf5 14. Qf4
Bg6 15. Rfe1 Qd8 16. Ne5 Nc6 17. Nxg6 hxg6 18. Rad1 Qd6 19. Qxd6 cxd6 20. Bb5
Rac8 21. d5 Ne5 22. f4 Nc4 23. Re7 a6 24. Bxc4 Rxc4 25. Rxb7 Re8 26. Rd2 Rxf4
27. g3 Re1+ 28. Kg2 Rfe4 29. Rf2 f5 30. Rb6 a5 31. Rxd6 Rd1 32. Rxg6 Rxd5 33.
Rg5 Rb4 34. Rgxf5 Rxf5 35. Rxf5 Rxb2+ 36. Rf2 Rb4 37. Kf3 a4 38. Ke3 a3 39. Kd3
Kh7 40. Rc2 Rb1 41. Rc3 Rb2 42. Rxa3 Rxh2 43. Ke4 Rg2 44. Kf3 Rd2 45. Kf4 Kh6
46. Ra6+ Kh5 47. Ra5+ g5+ 48. Rxg5+ Kh6 49. Ra5 Rd4+ 50. Kf5 Kh5 51. Ra8 Rd5+
52. Ke4 Rd1 53. a4 Ra1 54. Kd5 Kg4 55. a5 1-0

[Event "Mistrzostwa Polski Juniorow do lat 18 - Dziewczeta"]
[Site "Ustron – Jaszowiec"]
[Date "1899-12-30"]
[Round "2.3"]
[White "Murawko, Julia"]
[Black "Dmochowska, Agnieszka"]
[Result "0-1"]
[WhiteTitle "I++"]
[BlackTitle "WCM"]
[WhiteElo "1733"]
[BlackElo "2133"]

1. e4 e6 2. d4 d5 3. Nc3 Nf6 4. exd5 exd5 5. Bd3 Be7 6. Nge2 O-O 7. O-O Bg4 8.
f3 Be6 9. Bg5 c5 10. dxc5 Bxc5+ 11. Kh1 h6 12. Bh4 Be3 13. Bf2 Bxf2 14. Rxf2 Qb6
15. Rf1 Nc6 16. Qd2 a6 17. Nf4 Ne5 18. Rfe1 Nxd3 19. Qxd3 Rfe8 20. b3 Qd6 21.
Qd4 Rac8 22. Re3 b5 23. a3 Bf5 24. Rxe8+ Rxe8 25. Nfxd5 Nxd5 26. Qxd5 Qxa3 27.
Qd1 Bxc2 28. Rxa3 Bxd1 29. Kg1 b4 30. Ra1 bxc3 31. Rxd1 c2 32. Rc1 Re2 33. h3
f5 0-1

[Event "Mistrzostwa Polski Juniorow do lat 18 - Dziewczeta"]
[Site "Ustron – Jaszowiec"]
[Date "1899-12-30"]
[Round "2.4"]
[White "Wojcik, Jagoda"]
[Black "Marczuk, Anna"]
[Result "0-1"]
[WhiteTitle "I+"]
[BlackTitle "k"]
[WhiteElo "1719"]
[BlackElo "2001"]

1. e4 c5 2. Nf3 d6 3. Bb5+ Nd7 4. O-O a6 5. Bxd7+ Bxd7 6. c3 Nf6 7. Re1 Bg4 8.
h3 Bh5 9. d4 e6 10. Nbd2 Be7 11. a4 b6 12. e5 dxe5 13. dxe5 Nd5 14. Ne4 O-O 15.
c4 Nb4 16. Qb3 Qd3 17. Re3 Qxb3 18. Rxb3 Bg6 19. Nfd2 a5 20. Rc3 Rfd8 21. f3 Nd3
22. Nd6 Nxe5 23. Nb5 Bg5 24. Nb3 Rd1+ 25. Kh2 Bxc1 26. Raxc1 Rad8 27. f4 Nc6 28.
Rxd1 Rxd1 29. Nc7 Nb4 30. Na8 Rd6 31. Nc7 Nd3 32. Rc2 Nxf4 33. Rd2 Rxd2 34. Nxd2
Nd3 35. b3 Ne5 36. Kg3 Nd7 37. Kf3 Bc2 38. Nb5 Kf8 39. Ke2 Ke7 40. Na3 Bg6 41.
Ke3 Ne5 42. Nb5 Kd7 43. Ne4 Nc6 44. h4 Bxe4 45. Kxe4 f5+ 46. Ke3 Nd4 47. Nxd4
cxd4+ 48. Kxd4 Kd6 49. g3 e5+ 50. Kd3 g6 51. Kc3 Kc5 0-1

[Event "Mistrzostwa Polski Juniorow do lat 18 - Dziewczeta"]
[Site "Ustron – Jaszowiec"]
[Date "1899-12-30"]
[Round "2.5"]
[White "Parol, Pola"]
[Black "Ciesinska, Weronika"]
[Result "0-1"]
[WhiteTitle "k+"]
[BlackTitle "I"]
[WhiteElo "1960"]
[BlackElo "1676"]

1. e4 c5 2. Nf3 d6 3. d4 cxd4 4. Nxd4 Nf6 5. Nc3 g6 6. Be3 Bg7 7. f3 O-O 8. Qd2
Nc6 9. g4 Be6 10. h4 h5 11. Nxe6 fxe6 12. gxh5 Nxh5 13. Be2 Kh7 14. Rg1 Qa5 15.
Rg5 Bxc3 16. bxc3 e5 17. Kf2 Rf6 18. Rag1 Qxa2 19. c4 Qa4 20. c3 Nd8 21. Qd5 Qe8
22. R5g4 Ne6 23. Bg5 Nef4 24. Qxb7 Nh3+ 25. Ke3 Nxg1 26. Bxf6 Nxf6 27. Rxg1 a5
28. c5 dxc5 29. Qc7 a4 30. Qxe5 a3 31. c4 Ra6 32. f4 Qd7 33. Qg5 Qd4+ 34. Kf3
Qxe4+ 35. Kf2 Re6 36. Bf3 Qf5 37. Qxf5 gxf5 38. Ra1 Ra6 39. Ke3 Nd7 40. Ra2 Nb6
41. Kd3 Ra4 42. Bd1 Rxc4 43. Re2 Rd4+ 44. Kc2 Nd5 45. Re1 a2 46. Kb2 Rxf4 47.
Bb3 c4 48. Bxa2 Rxh4 49. Re5 c3+ 50. Ka3 c2 51. Kb2 Rh1 52. Kxc2 Nb4+ 53. Kb3
Nxa2 54. Rxe7+ Kg6 55. Kxa2 Rc1 56. Kb2 Rc6 57. Kb3 f4 58. Re5 f3 59. Rd5 f2 60.
Rd1 Kg5 61. Rf1 Rf6 62. Kc3 Kg4 63. Kd2 Kg3 64. Ke2 Re6+ 65. Kd2 Kg2 0-1

[Event "Mistrzostwa Polski Juniorow do lat 18 - Dziewczeta"]
[Site "Ustron – Jaszowiec"]
[Date "1899-12-30"]
[Round "2.6"]
[White "Topolan, Agata"]
[Black "Pedrak, Paulina"]
[Result "1-0"]
[WhiteTitle "k+"]
[BlackTitle "I"]
[WhiteElo "1934"]
[BlackElo "1466"]

1. c4 e5 2. Nc3 f5 3. d3 Nf6 4. g3 Be7 5. Bg2 c6 6. Nf3 d6 7. a3 a5 8. Qb3 Nbd7
9. Na4 Ra6 10. Bd2 d5 11. O-O O-O 12. cxd5 cxd5 13. Ng5 Nc5 14. Nxc5 Bxc5 15.
Rac1 Bb6 16. Rxc8 Qxc8 17. Bxd5+ Nxd5 18. Qxd5+ Kh8 19. Nf7+ Rxf7 20. Qxf7 Bd4
21. Rc1 Rc6 22. Rxc6 bxc6 23. Bxa5 Bxb2 24. Bb4 h6 25. e3 c5 26. Qc4 e4 27. d4
Qa8 28. Qxc5 Qa4 29. Qf8+ Kh7 30. Qxf5+ Kh8 31. Qxe4 1-0

[Event "Mistrzostwa Polski Juniorow do lat 18 - Dziewczeta"]
[Site "Ustron – Jaszowiec"]
[Date "1899-12-30"]
[Round "2.7"]
[White "Trybowska, Barbara"]
[Black "Dwilewicz, Katarzyna"]
[Result "0-1"]
[WhiteTitle "I"]
[BlackTitle "k"]
[WhiteElo "1517"]
[BlackElo "1933"]

1. e4 c5 2. Nf3 e6 3. d4 cxd4 4. Nxd4 Nc6 5. Nxc6 bxc6 6. Bd3 e5 7. O-O Nf6 8.
Bg5 h6 9. Bh4 Be7 10. Nd2 d6 11. Nc4 Be6 12. Qe2 Rc8 13. Rad1 Qc7 14. Ne3 g5 15.
Bg3 h5 16. f3 h4 17. Bf2 Nh5 18. Bc4 Nf4 19. Qd2 Kf8 20. Bxe6 fxe6 21. Nc4 d5
22. Nxe5 Qxe5 23. exd5 cxd5 24. Bxa7 Qe2 25. Qxe2 Nxe2+ 26. Kf2 Rxc2 27. Ke3 Nf4
28. g3 Re2+ 29. Kd4 Bf6+ 30. Kc5 Ng2 31. Kd6 Kf7 32. f4 gxf4 33. gxf4 Rc2 34.
Bb6 Rxb2 35. Bd4 Bxd4 36. Rxd4 Ne3 0-1

[Event "Mistrzostwa Polski Juniorow do lat 18 - Dziewczeta"]
[Site "Ustron – Jaszowiec"]
[Date "1899-12-30"]
[Round "2.8"]
[White "Antolak, Julia"]
[Black "Winter, Anna"]
[Result "1-0"]
[WhiteTitle "WFM"]
[BlackTitle "I+"]
[WhiteElo "2102"]
[BlackElo "1503"]

1. e4 e5 2. Nf3 Nc6 3. Bb5 Nf6 4. d3 d6 5. Nbd2 a6 6. Ba4 b5 7. Bb3 Na5 8. Nf1
Nxb3 9. axb3 h6 10. Ng3 g6 11. h3 Bg7 12. Be3 O-O 13. O-O Bb7 14. Nh2 Re8 15.
f4 exf4 16. Bxf4 Qe7 17. Qf3 Nd7 18. Ng4 Ne5 19. Bxe5 dxe5 20. Qe3 h5 21. Nh6+
Bxh6 22. Qxh6 Qf8 23. Qg5 Qg7 24. Rf6 Rad8 25. Raf1 Rd7 26. Kh2 Ree7 27. R1f3
c5 28. Nxh5 Qh7 29. Ng3 Qg7 30. Qe3 Kh8 31. Qxc5 Rc7 32. Qf2 Rcd7 33. Qe3 Rc7
34. c3 Red7 35. Qg5 Re7 36. Nf5 gxf5 37. Qh4+ Kg8 38. Rg3 1-0